000 00752nam a2200241Ia 4500
003 OSt
005 20220926005438.0
006 a|||||r|||| 00| 0
007 ta
008 220923b |||||||| |||| 00| 0 eng d
020 _a9789813297586
037 _cGeneral Book
040 _aRTL
_cRTL
_beng
041 _2eng
_aeng
082 _aY5927.49G, Q9
100 _aSEKHER Madhushree
_9310345
245 0 _aIncluding the excluded in South Asia
_b Power, politics and policy perspectives from the region
260 _a New Delhi
_bSpringer
_c2019
300 _axvii,254p
_ccm.
700 _a CARCIUMARU Radu
_9310346
942 _hY5927.49G, Q9
_cGB
_2CC
999 _c613878
_d613878